[Event "Goch op 11th"]
[Site "Goch"]
[Date "2000.10.12"]
[Round "1"]
[White "Zaragatski, Ilja"]
[Black "Breuer, Bert"]
[Result "1-0"]
[WhiteElo "2193"]
[BlackElo "1710"]
[PlyCount "43"]
[EventDate "2000.10.12"]
[EventType "swiss"]
[EventRounds "7"]
[EventCountry "GER"]
[SourceTitle "EXT 2002"]
[Source "ChessBase"]
[SourceDate "2001.11.25"]
[SourceVersion "1"]
[SourceVersionDate "2001.11.25"]
[SourceQuality "1"]

1. e4 d6 2. d4 Nf6 3. Nc3 e5 4. Nf3 Nbd7 5. Bc4 Nb6 6. Bb3 Qe7 7. dxe5 dxe5 8. Bg5 c6 9. Qe2 Bd7 10. Bh4 Bg4 11. 0-0-0 Rd8 12. h3 Bxf3 13. Qxf3 Rxd1+ 14. Rxd1 Nbd7 15. Qe3 Qc5 16. Qd2 Be7 17. f4 exf4 18. Qxf4 Qe5 19. Qf3 0-0 20. Bg3 Qc5 21. Kb1 Re8 22. Rxd7 1-0